01134nam a2200217 a 450000100100000000500170001000800410002704000250006808200200009310000430011324500600015626000360021630000260025250000610027865000280033965000310036795201910039895201900058995201220077999900150090100000913120250129121827.0090928s1987 dr c r 000 p spa d aDO-SdBNPbspacBNPHU aRD861.44bG261c1 aGatón Arce, Freddy,d1920-19949794610aCelebraciones de cuatro vientos /cFreddy Gatón Arce. aSanto Domingo :bTaller,c1987. a51 p. :bretr. ;c23. aIncluye datos biográficos del autor en la página 49. 0aPoesía dominicana966 0aLiteratura dominicana.967 001054708DSaGRbGRcHDd2011-08-04iLF1l0oRD861.44 G261cp9131-30r2020-06-25te.3w2020-06-25yLFDSzPerteneció a la biblioteca personal de Bárbara Suncar.ZPréstamo en sala 0010718PDaPDbPDcHDd2009-09-28iLF1l0oRD861.44 G261cp9131-10r2020-06-25w2020-06-25yLFPDzPerteneció a la biblioteca personal de Aída Cartagena Portalatín.ZNo se presta 0010718PDaPDbPDcHDd2009-10-07iLF1l0oRD861.44 G261cp9131-20r2020-06-25te.2w2020-06-25yLFPDZNo se presta c8895d8895